00400 a2200145 4500000002100000001000700021005001700028008004100045082002000086100001800106245006600124260003700190300001000227700001700237BKB 07073320200902150857.0  a621.38254bS11S1 aSheriff, R.E.1 aSpace/terestrial mobile networkscby R.E. Sheriff and Y.F. Hu aEnglandbJohn Wiley & Sonsc2004 a273p. aHu, Y.F.bc